POBLES DEL BARCELONÈS - Estadísticas

Estadísticas generales
  • Esta prueba ha sido intentada 86 veces
  • La puntuación promedio es 4 de 5
Estadísticas de respuestas
INICIAL MUNICIPI % Correcto
B Badalona
99%
B Barcelona
99%
H l'Hospitalet de Llobregat
67%
S Santa Coloma de Gramenet
57%
S Sant Adrià de Besòs
53%
No se encontraron pruebas coincidentes
Distribución de puntuación
Porcentaje de gente con cada puntuación
Porcentaje por número respondido
Historial de tus puntuaciones
No has intentado esta prueba.